01056nam a2200229 a 4500001001000000003000400010005001700014008004100031040002500072049000900097082002100106100003600127245008800163260006600251300001800317650006300335910003700398942001300435952018000448952018100628999001700809000032796OSt20201012121719.0110726s1930 dr 000 0 spa d aDO-SdBNPbspacBNPHU aBNPD 4a338.17374bC569i1 aCiferri, Raffaele958617d1897-10aInforme general sobre la industria cacaotera de Santo Domingo. /cRaffaele Ciferri. aSanto Domingo :bImpr. J. R. Vda. García, Sucesores,c1930. a190 ;c23 cm. 4aCacaozRepública DominicanaxIndustriasxHistoria976852 aValidado. Control de calidad MFF 2ddccLF1 00102ddc718RVaPDbPDcHDd2011-07-26iLF1l0o338.17374 C569ip32796-10r2020-06-25w2020-06-25y1zPerteneció a la biblioteca personal de Carlos Larrabazal Blanco. 001050718RVaPDbPDcCTd2011-08-23iLF1l0oxxxx C569ip32796-20r2020-06-25te. 2w2020-06-25y1zPerteneció a la biblioteca personal de Julio Ortega FrierZNo se presta c32287d32287